000
00256nam a22001097a 4500
082
_a
808.3 RIC'W
100
_a
RICH, LOUISE DICKINSON
_9
57875
245
_a
WE LOOK TO THE WOODS
260
_a
NEWYORK
_b
J. B. LIPPINCOTT
_c
1942
300
_a
322P
942
_c
BK
999
_c
568118
_d
568118